000 00740nam a22002177a 4500
999 _c175639
_d175639
005 20200911151235.0
010 _aENG-128418
020 _c350.00
_a9789353944476
035 _aEN-111950
037 _bDBAD/PUB
082 _a540
245 _aPearson Foundation Chemistry 2020 Class 9/
_cEdited by Sonal Jain and Vipin Kumar
250 _a9th edition
260 _aNoida
_bPearson
_c2020
270 _a15th floor,Tower-B,Word Trade Tower,Plot no.1,Block-C sec 16,
_bNoida
_e201301
_k04466540100
_mcompanysecretary.india@pearson.com
300 _axvi;Various pages.
_c25cm(pbk)
_bDiagrams and Tables
500 _aIncludes Mock Test
700 _aJain, Sonal
700 _aKumar, Vipin
942 _2ddc
_cEN
_h540
_mPEA